| 000 | 009520000a22003010004500 | ||
|---|---|---|---|
| 003 | LK-CoMWRAF | ||
| 008 | 230817t ||||| |||| 00| 0 eng d | ||
| 040 |
_aLK-CoMWRAF _dLK-CoMWRAF _eLK-CoMWRAF |
||
| 041 | _aeng | ||
| 245 |
_aProgram manual for Brotherhood _b |
||
| 260 |
_bCanadian Council of Christians and Jews _a _c1962 |
||
| 300 | _ap.32 | ||
| 650 | _aA letter from Richard D. Jones | ||
| 650 | _aBrotherhood Banquets | ||
| 650 | _aBrotherhood week | ||
| 650 | _aConferece for Young Adults | ||
| 650 | _aConference for Colleges | ||
| 650 | _aConference for high Schools | ||
| 650 | _aExcerpts on Brotherhood | ||
| 650 | _aExchange of Students visit | ||
| 650 | _aInstitute for Employers and Employees | ||
| 650 | _aInstitute on Police-community relations | ||
| 650 | _aRearing Children of Goodwill | ||
| 650 | _aResource Materials | ||
| 650 | _aSeminar for Nurses & Hospital staff | ||
| 650 | _aThe Dialogue | ||
| 942 | _cBK | ||
| 999 |
_c2409 _d2409 |
||